<?xml version='1.0' encoding='UTF-8'?>
  <record xmlns="http://www.loc.gov/MARC21/slim">
    <leader>00000ckm a2200000 i 4500</leader>
    <controlfield tag="001">on1053888839</controlfield>
    <controlfield tag="003">OCoLC</controlfield>
    <controlfield tag="005">20231213210205.5</controlfield>
    <controlfield tag="007">kl ho|</controlfield>
    <controlfield tag="008">180921s1827    io nnn f          lneng d</controlfield>
    <datafield tag="040" ind1=" " ind2=" ">
      <subfield code="a">QGJ</subfield>
      <subfield code="b">eng</subfield>
      <subfield code="e">rda</subfield>
      <subfield code="c">QGJ</subfield>
      <subfield code="d">OCLCF</subfield>
      <subfield code="d">OCLCQ</subfield>
      <subfield code="d">OCLCO</subfield>
      <subfield code="d">OCLCL</subfield>
    </datafield>
    <datafield tag="035" ind1=" " ind2=" ">
      <subfield code="a">(OCoLC)1053888839</subfield>
    </datafield>
    <datafield tag="043" ind1=" " ind2=" ">
      <subfield code="a">a-io---</subfield>
    </datafield>
    <datafield tag="245" ind1="0" ind2="0">
      <subfield code="a">Frigate Javaan /</subfield>
      <subfield code="c">James G[eorg]e Waller.</subfield>
    </datafield>
    <datafield tag="246" ind1="3" ind2=" ">
      <subfield code="a">Javaan</subfield>
    </datafield>
    <datafield tag="264" ind1=" " ind2="1">
      <subfield code="a">Bantjar,</subfield>
      <subfield code="c">1827.</subfield>
    </datafield>
    <datafield tag="300" ind1=" " ind2=" ">
      <subfield code="a">2 manuscript ink drawings :</subfield>
      <subfield code="b">in black, red and green ;</subfield>
      <subfield code="c">42 x 129 cm</subfield>
    </datafield>
    <datafield tag="336" ind1=" " ind2=" ">
      <subfield code="a">still image</subfield>
      <subfield code="b">sti</subfield>
      <subfield code="2">rdacontent</subfield>
    </datafield>
    <datafield tag="337" ind1=" " ind2=" ">
      <subfield code="a">unmediated</subfield>
      <subfield code="b">n</subfield>
      <subfield code="2">rdamedia</subfield>
    </datafield>
    <datafield tag="338" ind1=" " ind2=" ">
      <subfield code="a">sheet</subfield>
      <subfield code="b">nb</subfield>
      <subfield code="2">rdacarrier</subfield>
    </datafield>
    <datafield tag="500" ind1=" " ind2=" ">
      <subfield code="a">Rear view and side-view.</subfield>
    </datafield>
    <datafield tag="500" ind1=" " ind2=" ">
      <subfield code="a">Manuscript drawing of the Dutch frigate Javaan, built in 1827. The drawing is dated 31st March 1827.</subfield>
    </datafield>
    <datafield tag="507" ind1=" " ind2=" ">
      <subfield code="a">English scale and Amsterdam scale.</subfield>
    </datafield>
    <datafield tag="650" ind1=" " ind2="0">
      <subfield code="a">Warships in art.</subfield>
    </datafield>
    <datafield tag="651" ind1=" " ind2="0">
      <subfield code="a">Kalimantan Selatan (Indonesia)</subfield>
    </datafield>
    <datafield tag="651" ind1=" " ind2="6">
      <subfield code="a">Kalimantan Selatan (Indonésie)</subfield>
    </datafield>
    <datafield tag="650" ind1=" " ind2="7">
      <subfield code="a">Warships in art.</subfield>
      <subfield code="2">fast</subfield>
      <subfield code="0">(OCoLC)fst01170889</subfield>
    </datafield>
    <datafield tag="651" ind1=" " ind2="7">
      <subfield code="a">Indonesia</subfield>
      <subfield code="z">Kalimantan Selatan.</subfield>
      <subfield code="2">fast</subfield>
      <subfield code="0">(OCoLC)fst01206614</subfield>
      <subfield code="1">https://id.oclc.org/worldcat/entity/E39QbtfRgVhhxGbWwphVmcC7xc</subfield>
    </datafield>
    <datafield tag="700" ind1="1" ind2=" ">
      <subfield code="a">Waller, James George,</subfield>
      <subfield code="d">approximately 1793-</subfield>
      <subfield code="e">draftsman.</subfield>
      <subfield code="e">drm</subfield>
    </datafield>
    <datafield tag="752" ind1=" " ind2=" ">
      <subfield code="a">Indonesia</subfield>
      <subfield code="b">Borneo</subfield>
      <subfield code="c">South Kalimantan</subfield>
      <subfield code="d">Banjarmasin</subfield>
      <subfield code="e">manufacture place</subfield>
      <subfield code="4">mfp</subfield>
    </datafield>
  </record>